| 000 | 00000nam 2200000za 4500 |
| 001 | 9.816749 |
| 003 | CaOODSP |
| 005 | 20250506145325 |
| 007 | cr ||||||||||| |
| 008 | 160503t19931992oncao |o f000 0 eng d |
| 020 | |z0-662-20070-5 |
| 040 | |aCaOODSP|beng |
| 043 | |an-cnp-- |
| 086 | 1 |aA53-1887/1992E-PDF|zA53-1187/1992E |
| 100 | 1 |aKiehn, Ferdinand A. |
| 245 | 10|aAlternative crops for the Prairies |h[electronic resource] / |cFerdinand A. Kiehn and Mel Reimer. |
| 260 | |aOttawa : |bAgriculture Canada,|c1993, c1992. |
| 300 | |a46 p. : |bill. |
| 500 | |a"Produced by Research Program Service." |
| 500 | |aIssued also in French under title: Cultures de remplacement pour les Prairies. |
| 500 | |aHistorical publication digitized in 2012 by Agriculture and Agri-Food Canada. |
| 505 | 2 |aAzuki bean -- Amaranth -- Borage -- Caraway -- Coriander -- Evening-primrose -- Fenugreek -- Foxtail millet -- Japanese artichoke -- Jerusalem artichoke -- Lathyrus -- Monarda -- Niger -- Poppy -- Proso millet -- Quinoa -- Tepary bean. |
| 692 | 07|2gccst|aCrops |
| 692 | 07|2gccst|aAgriculture |
| 700 | 1 |aReimer, Mel. |
| 710 | 1 |aCanada.|bAgriculture Canada. |
| 775 | 08|tCultures de remplacement pour les Prairies |w(CaOODSP)9.816762 |
| 776 | 0#|tAlternative crops for the prairies / |w(CaOODSP)9.644616 |
| 856 | 40|qPDF|s5.77 MB|uhttps://publications.gc.ca/collections/collection_2016/aac-aafc/agrhist/A53-1887-1992-eng.pdf |
| 986 | |aPublication 1887/E |